[Event "Antalya op"]
[Site "Antalya"]
[Date "2011.01.15"]
[Round "5"]
[White "Kucukbaskan, Muharrem"]
[Black "Tufan, Mustafa"]
[Result "1/2-1/2"]
[WhiteElo "1248"]
[BlackElo "1668"]
[PlyCount "109"]
[EventDate "2011.01.08"]
[EventType "swiss"]
[EventRounds "9"]
[EventCountry "TUR"]
[SourceTitle "EXT 2012"]
[Source "ChessBase"]
[SourceDate "2011.11.24"]
[SourceVersion "1"]
[SourceVersionDate "2011.11.24"]
[SourceQuality "1"]

1. d4 d5 2. Nf3 Nf6 3. g3 Nc6 4. Bg2 Bg4 5. 0-0 Bxf3 6. Bxf3 e5 7. e3 Be7 8. c3 0-0 9. b3 e4 10. Bg2 Bd6 11. c4 dxc4 12. bxc4 Qe8 13. Nd2 Rd8 14. Qc2 Nb4 15. Qb1 c5 16. Nxe4 Nxe4 17. Qxe4 cxd4 18. a3 Nc6 19. Qxe8 Rfxe8 20. Bxc6 bxc6 21. exd4 Be7 22. Be3 Bf6 23. Rfd1 c5 24. Rac1 cxd4 25. Bf4 Rd7 26. Re1 Red8 27. c5 g5 28. c6 Rd5 29. c7 Rc8 30. Bd2 Kg7 31. Bb4 d3 32. Rc6 Be5 33. Bc3 f6 34. Bxe5 fxe5 35. Kg2 h6 36. Kf3 Rd7 37. Rd1 Rcxc7 38. Rxc7 Rxc7 39. Rxd3 Re7 40. Ke4 Kf6 41. Rd6+ Kg7 42. g4 Rf7 43. Ke3 Rc7 44. Ke4 Rf7 45. Ke3 Kh7 46. Re6 Rb7 47. Ke4 Rb3 48. Re7+ Kg6 49. Rxa7 Rb2 50. Ra6+ Kg7 51. Kxe5 Rxf2 52. Ra7+ Kg8 53. Ra8+ Kg7 54. Ra7+ Kg8 55. Ra8+ 1/2-1/2